000 00999nam a22002657a 4500
001 4875
003 FISKH
005 20241022124506.0
008 241022b cb ||||| |||| 00| 0 eng d
020 _a9781407124117
040 _aFISKH
_beng
_cFISKH
_dFISKH
082 _a364.1092
100 _aMacDonald, Alan
245 _aAl Capone and His Gang /
_cby Alan MacDonald
260 _aNew York :
_bScholastic ;
_c1999 .
300 _a192 pages :
_billustrations ;
_c20 cm .
490 _aHorribly Famous
505 _aS
520 _aYou've probably heard of Al Capone. He is dead famous for: being handy with a machine gun, having one or two scars and hanging around with a rather nasty gang. But have you heard that Al: lived with his mum all his life, was a trend-setter in banana-coloured suits and went bananas in Alcatraz prison?
521 8 _a790
_bLexile estimate
521 8 _aS
_bRaz-Plus
650 _acrime
_vnon-fiction
942 _2ddc
_cBK
_n0
999 _c4875
_d4875